Faculty of Law Library — Cairo University

Official Online Catalog

رجل فوق العادة : (Record no. 61707)

MARC details
000 -LEADER
fixed length control field 01161nam a2200301 i 4500
003 - CONTROL NUMBER IDENTIFIER
control field EG-GICUC
005 - DATE AND TIME OF LATEST TRANSACTION
control field 20260208203138.0
008 - FIXED-LENGTH DATA ELEMENTS--GENERAL INFORMATION
fixed length control field 260208s2005 ua ||||fr|||| 00| 0 ara d
017 ## - COPYRIGHT OR LEGAL DEPOSIT NUMBER
Copyright or legal deposit number 2005/18989
040 ## - CATALOGING SOURCE
Original cataloging agency EG-GICUC
Language of cataloging ara
Transcribing agency EG-GICUC
Modifying agency EG-GICUC
Description conventions rda
041 ## - LANGUAGE CODE
Language code of text/sound track or separate title ara
082 04 - DEWEY DECIMAL CLASSIFICATION NUMBER
Edition number 21
Classification number 343.092
Item number م ح . ر
092 04 - LOCALLY ASSIGNED DEWEY CALL NUMBER (OCLC)
Edition number 21
099 ## - LOCAL FREE-TEXT CALL NUMBER (OCLC)
Classification number Law1 10 343.092 م ح . ر2005
100 0# - MAIN ENTRY--PERSONAL NAME
Personal name محمود عبدالجواد نصار
Relator term مؤلف.
245 10 - TITLE STATEMENT
Title رجل فوق العادة :
Remainder of title أحمد فتحى سرور /
Statement of responsibility, etc. تأليف محمود عبدالجواد نصار، تقديم أحمد مجدى حجازى.
264 #3 - PRODUCTION, PUBLICATION, DISTRIBUTION, MANUFACTURE, AND COPYRIGHT NOTICE
Place of production, publication, distribution, manufacture مصر :
Name of producer, publisher, distributor, manufacturer حقوق الطبع محفوظة،
Date of production, publication, distribution, manufacture, or copyright notice 2005.
300 ## - PHYSICAL DESCRIPTION
Extent 224 صفحة :
Other physical details إيضاحيات، صور، مثيليات ؛
Dimensions 24 سم
336 ## - CONTENT TYPE
Source rda content
Content type term text
337 ## - MEDIA TYPE
Source rda media
Media type term Computer
338 ## - CARRIER TYPE
Source rda carrier
Carrier type term Online Resource
546 ## - LANGUAGE NOTE
Language note النص باللغة العربية
650 1# - SUBJECT ADDED ENTRY--TOPICAL TERM
Topical term or geographic name entry element القانون الجنائي
General subdivision تراجم
700 1# - ADDED ENTRY--PERSONAL NAME
Personal name أحمد مجدى حجازى
Relator term مقدم.
856 40 - ELECTRONIC LOCATION AND ACCESS
Uniform Resource Identifier <a href="https://fll.law.cu.edu.eg/fulltext/bks/B10-04735.pdf">https://fll.law.cu.edu.eg/fulltext/bks/B10-04735.pdf</a>
905 ## - Cataloger and Reviser Names
Cataloger Name: Gomana
942 ## - ADDED ENTRY ELEMENTS (KOHA)
Source of classification or shelving scheme Dewey Decimal Classification
Suppress in OPAC No
Koha item type Books
Edition 21
Holdings
Withdrawn status Lost status Source of classification or shelving scheme Damaged status Not for loan Collection Home library Current library Date acquired Total checkouts Full call number Barcode Date last seen Copy number Price effective from Koha item type
    Dewey Decimal Classification   Not for loan القانون الجنائي جــــامعة القــاهرة مكتبة كلية الحقوق - المبنى الرئيسي 08.02.2026   Law1 10 343.092 م ح . ر2005 1004735 C1 B10-04735 08.02.2026 1 08.02.2026 Books

© All rights reserved — Faculty of Law, Cairo University